01201 a2200169 4500003000500000005001700005040000900022082001700031100002300048245012300071260003800194300001500232505069900247538002900946600002200975650003400997Nust20221031105633.0 cNust a621.3192,GUI aGuillemin, Ernst A aCommunication networks Vol II :bthe classical theory of long lines, filters and related networks /cErnst A Guillemin aJohn Wiley & SonsbNew Yorkc1956 avii, 587 p aThe Engineering Formulation of the Long Line Problems (Page-1), The Steady State Solutions to the Long Line Equations (Page-33), Propagation and Characteristic Impedance Functions of the Long Line (Page-80), Characteristics of Four Terminal Networks (Page-132), Theorems Regarding Driving Point Impedances and an Extension (Page-184), Energy Functions and Linear Network Transformations (Page-222), Artificial and Lump Loaded Lines (Page-256), The Non Dissipative Uniforms Ladders Structure (Page-279), Conventional Filter Theory (Page-299), Filter Methods Based Upon The Lattice Structure (Page-378), The Transient Behavior of Filters (Page-461), Simulative and Corrective Networks (Page-508), aAlmirah No.31 Shelf No.4 aErnst A Guillemin aCommunication networks Vol II